00466nam a2200085Ia 4500008004100000245013800041245002900179260000900208856016300217160523s9999 xx 000 0 und d aSustainable Development - Education, Business and Management - Architecture and Building Construction - Agriculture and Food Security cEdited by Chaouki Ghenai c2012 uhttp://www.intechopen.com/books/sustainable-development-education-business-and-management-architecture-and-building-construction-agriculture-and-food-security